书目信息 |
| 题名: |
影响人生的书单
|
|
| 作者: | 任羽中 , 李喆 , 黄宗英 主编 ;北京大学 , 北京大学 编 | |
| 分册: | ||
| 出版信息: | 北京 北京大学出版社 2024.03 |
|
| 页数: | 432页 | |
| 开本: | 25cm | |
| 丛书名: | ||
| 单 册: | ||
| 中图分类: | Z835 | |
| 科图分类: | ||
| 主题词: | 推荐书目--世界 | |
| 电子资源: | ||
| ISBN: | 978-7-301-34213-8 | |
| 000 | 01144nam0 2200289 450 | |
| 001 | 012460744 | |
| 005 | 20251022204940.43 | |
| 010 | @a978-7-301-34213-8@b精装@dCNY148.00 | |
| 100 | @a20240306d2024 em y0chiy0120 ea | |
| 101 | 0 | @achi |
| 102 | @aCN@b110000 | |
| 105 | @aa z 000yy | |
| 106 | @ar | |
| 200 | 1 | @a影响人生的书单@9ying xiang ren sheng de shu dan@e来自百位北大教授的推荐@f任羽中,李喆,黄宗英主编@g北京大学党委宣传部,北京大学招生办公室编 |
| 205 | @a增订版 | |
| 210 | @a北京@c北京大学出版社@d2024.03 | |
| 215 | @a432页@c图@d25cm | |
| 330 | @a本书集结了百余位北大教授的读书分享与治学感言,推荐影响其人生的书目,围绕“治学”“阅读”“人生”等话题,将治学感悟、读书经验和人生阅历凝练成句句箴言。本书内容涵盖两大主题:治学感言与推荐书目。 | |
| 606 | 0 | @a推荐书目@y世界 |
| 690 | @aZ835@v5 | |
| 701 | 0 | @a任羽中@9ren yu zhong@4主编 |
| 701 | 0 | @a李喆@9li zhe@c(高等教育)@4主编 |
| 701 | 0 | @a黄宗英@9huang zong ying@f(1961-)@4主编 |
| 712 | 02 | @a北京大学@9bei jing da xue@b党委宣传部@4编 |
| 712 | 02 | @a北京大学@9bei jing da xue@b招生办公室@4编 |
| 801 | 0 | @aCN@c20250910 |
| 905 | @a河南城建学院图书馆@dZ835@eR579@ZR579@f1 | |
| 影响人生的书单:来自百位北大教授的推荐/任羽中,李喆,黄宗英主编/北京大学党委宣传部,北京大学招生办公室编.-增订版.-北京:北京大学出版社,2024.03 |
| 432页:图;25cm |
| ISBN 978-7-301-34213-8(精装):CNY148.00 |
| 本书集结了百余位北大教授的读书分享与治学感言,推荐影响其人生的书目,围绕“治学”“阅读”“人生”等话题,将治学感悟、读书经验和人生阅历凝练成句句箴言。本书内容涵盖两大主题:治学感言与推荐书目。 |
| ● |
| 相关链接 |
|
|
|
正题名:影响人生的书单
索取号:Z835/R579
 
预约/预借
| 序号 | 登录号 | 条形码 | 馆藏地/架位号 | 状态 | 备注 |
| 1 | 1634449 | 216344490 | 自科库501/501自科库 132排1列3层/ [索取号:Z835/R579] | 在馆 |